Which Countries are spelt wrong? - Statistics

General Stats
  • This quiz has been taken 312 times
  • The average score is 22 of 25
Answer Stats
Question Tile Select % Correct
Which countries are spelt wrong? Czech Republic No
100%
Which countries are spelt wrong? Kuwait No
100%
Which countries are spelt wrong? Marshall Islands No
99%
Which countries are spelt wrong? Slovakia No
99%
Which countries are spelt wrong? United Arab Emirates No
99%
Which countries are spelt wrong? Burundi No
98%
Which countries are spelt wrong? Saint Kitts and Nevis No
98%
Which countries are spelt wrong? Democratic Republic of the Congo No
97%
Which countries are spelt wrong? Lebanon No
96%
Which countries are spelt wrong? Tajikistan No
96%
Which countries are spelt wrong? Uzbecistan Yes
96%
Which countries are spelt wrong? São Tomé and Príncipe No
95%
Which countries are spelt wrong? Republic of the Congo No
93%
Which countries are spelt wrong? Sheychelles Yes
89%
Which countries are spelt wrong? Kyrgistan Yes
88%
Which countries are spelt wrong? Liechtenstein No
87%
Which countries are spelt wrong? Trinidad and Tobego Yes
85%
Which countries are spelt wrong? Bharain Yes
82%
Which countries are spelt wrong? Lybia Yes
81%
Which countries are spelt wrong? Luxemburg Yes
80%
Which countries are spelt wrong? Côte d Ivory Yes
79%
Which countries are spelt wrong? Morrocco Yes
77%
Which countries are spelt wrong? Soloman Islands Yes
72%
Which countries are spelt wrong? Saint Vincient and the Grenadines Yes
70%
Which countries are spelt wrong? Central African Republc Yes
29%
No matching quizzes found
Score Distribution
Percent of People with Each Score
Percentile by Number Answered
Your Score History
You have not taken this quiz